<?xml version="1.0" encoding="UTF-8"?>
<record
    xmlns:xsi="http://www.w3.org/2001/XMLSchema-instance"
    xsi:schemaLocation="http://www.loc.gov/MARC21/slim http://www.loc.gov/standards/marcxml/schema/MARC21slim.xsd"
    xmlns="http://www.loc.gov/MARC21/slim">

  <leader>01602nam a22002537a 4500</leader>
  <controlfield tag="008">160824s2006        cr||||| |||| 00| 0 spa d</controlfield>
  <datafield tag="082" ind1="0" ind2="4">
    <subfield code="a">708</subfield>
    <subfield code="b">E199e</subfield>
  </datafield>
  <datafield tag="110" ind1="1" ind2=" ">
    <subfield code="a">Fundaci&#xF3;n Cisneros.</subfield>
    <subfield code="9">762</subfield>
  </datafield>
  <datafield tag="245" ind1="1" ind2="0">
    <subfield code="a">Ecos y contrastes :</subfield>
    <subfield code="b">arte contempor&#xE1;neo en la Colecci&#xF3;n Cisneros /</subfield>
    <subfield code="c">Fundaci&#xF3;n Cisneros ; curadur&#xED;a por Ariel Jim&#xE9;nez ;  Museo de Arte y Dise&#xF1;o Contempor&#xE1;neo, Museo de Arte de El Salvador y TEOR/&#xE9;tica.</subfield>
  </datafield>
  <datafield tag="250" ind1=" " ind2=" ">
    <subfield code="a">1a ed.</subfield>
  </datafield>
  <datafield tag="260" ind1=" " ind2=" ">
    <subfield code="a">San Jos&#xE9;, Costa Rica :</subfield>
    <subfield code="b">Fundaci&#xF3;n Cisneros,</subfield>
    <subfield code="c">2006.</subfield>
  </datafield>
  <datafield tag="300" ind1=" " ind2=" ">
    <subfield code="a">67 p.</subfield>
    <subfield code="b">il. col.</subfield>
  </datafield>
  <datafield tag="500" ind1=" " ind2=" ">
    <subfield code="a">Cat&#xE1;logo publicado con motivo a dos exposiciones:  - Ecos y contrastes, presentada en el Museo de Arte y Dise&#xF1;o Contempor&#xE1;neo del 7 de diciembre de 2005 al 25 de febrero de 2006; y en el Museo de Arte de El Salvador, presentada del 4 de abril al 24 de junio de 2006.   - A contra corriente, presentada  en TEOR/&#xE9;tica del 7 de diciembre de 2005 al 19 de febrero de 2006, con obras de Mira Schendel, Gego y Lygia Pape.</subfield>
  </datafield>
  <datafield tag="505" ind1="0" ind2=" ">
    <subfield code="t">Entrevista a Patricia Phelps de Cisneros</subfield>
    <subfield code="r">Ariel Jim&#xE9;nez.</subfield>
    <subfield code="t">Entrevista a Adriana Cisneros de Griffin</subfield>
    <subfield code="r">Ariel Jim&#xE9;nez.</subfield>
    <subfield code="t">Ecos y contrastes</subfield>
    <subfield code="r">Ariel Jim&#xE9;nez.</subfield>
    <subfield code="t">Selecci&#xF3;n de obras.</subfield>
    <subfield code="t">Listado de obras Ecos y contrastes.</subfield>
    <subfield code="t">Listado de obras A contra corriente.</subfield>
  </datafield>
  <datafield tag="653" ind1="1" ind2="0">
    <subfield code="a">Arte contempor&#xE1;neo</subfield>
  </datafield>
  <datafield tag="653" ind1="1" ind2="0">
    <subfield code="a">Exhibiciones</subfield>
  </datafield>
  <datafield tag="653" ind1="1" ind2="0">
    <subfield code="a">Cat&#xE1;logo de exhibici&#xF3;n</subfield>
  </datafield>
  <datafield tag="653" ind1="1" ind2="0">
    <subfield code="a">Arte latinoamericano</subfield>
  </datafield>
  <datafield tag="653" ind1="1" ind2="0">
    <subfield code="a">Instalaciones</subfield>
  </datafield>
  <datafield tag="710" ind1="1" ind2=" ">
    <subfield code="a">Jim&#xE9;nez, Ariel.</subfield>
    <subfield code="e">curador.</subfield>
    <subfield code="9">5469</subfield>
  </datafield>
  <datafield tag="710" ind1="1" ind2=" ">
    <subfield code="a">Museo de Arte y Dise&#xF1;o Contempor&#xE1;neo.</subfield>
    <subfield code="9">5470</subfield>
  </datafield>
  <datafield tag="710" ind1="1" ind2=" ">
    <subfield code="a"> Museo de Arte de El Salvador.</subfield>
    <subfield code="9">1833</subfield>
  </datafield>
  <datafield tag="710" ind1="1" ind2=" ">
    <subfield code="a">TEOR/&#xE9;tica.</subfield>
    <subfield code="9">5471</subfield>
  </datafield>
  <datafield tag="999" ind1=" " ind2=" ">
    <subfield code="c">1030</subfield>
    <subfield code="d">1030</subfield>
  </datafield>
  <datafield tag="952" ind1=" " ind2=" ">
    <subfield code="0">0</subfield>
    <subfield code="1">0</subfield>
    <subfield code="2">ddc</subfield>
    <subfield code="4">0</subfield>
    <subfield code="7">0</subfield>
    <subfield code="a">LV</subfield>
    <subfield code="b">LV</subfield>
    <subfield code="c">Colectivas</subfield>
    <subfield code="d">2016-08-24</subfield>
    <subfield code="l">0</subfield>
    <subfield code="o">708 E199e</subfield>
    <subfield code="p">001401</subfield>
    <subfield code="r">2016-08-24 00:00:00</subfield>
    <subfield code="w">2016-08-24</subfield>
    <subfield code="y">01</subfield>
  </datafield>
</record>
